000 00536nam a2200181Ia 4500
003 GCL
008 140319s9999 xx 000 0 ara d
040 _aGCL /
_cGCL
082 0 4 _a657.3
_bم ا
100 1 _aمحمد يونس خان
245 1 0 _aالادارة المالية /
_cمحمد يونس خان
700 1 _aهشام صالح غرابية
260 _a[S.N] :
_bوهندر ابلى واولاده
490 _a
650 0 4 _aالادارة المالية
650 0 4 _aمحاسبة الادارة
942 _2ddc
_cBK
999 _c45700
_d45700